00385 a2200145 4500001000700000003000400007005001700011008004100028082001600069100001600085245007700101260003300178300001000211700001800221066450OSt20210929100615.0  a628.3bS64M1 aSingh, R.N.1 aMunicipal water and wastewater treatmentcby R.N. Singh and Rakesh Kumar aNew DelhibTerri Pressc2009 a266p. aKumar, Rakesh